000 02320nkm0a2200433 4500
001 RU\NLR\DIGIT\525825
005 20260204000000.0
010 _d50 к.
_910000 экз.
020 _aRU
_9ЛЕНИНГРАД В ВЕЛИКОЙ ОТЕЧЕСТВЕННОЙ ВОЙНЕ: Печать Ленинграда, 1941 - 1945: каталог изданий, хранящихся в фондах Государственной Публичной библиотеки, вып.2. Листовки,плакаты,открытки,альбомы/Гос.публ.б-ка им.М.Е.Салтыкова-Щедрина. - Ленинград,1972
_b542
035 _a(NLR Aleph) 010459970
090 _a79164
_c79164
100 _a20140811d1941 m y0rusy50 ca
101 0 _arus
102 _aRU
116 _adiycxx zz ad
135 _acrcn 024anaba
200 1 _aБорьба с зажигательными авиабомбами в деревянных домах
_e[Плакат]
_fХудож. А.И. Медельский. Авт. А.Н. Зеликовский
210 _a[Ленинград]
_cКОИЗ
_d[1941]
215 _a1 л.
_d35x50 см
325 _aКопия доступна в электронной библиотеке РНБ
327 0 _aНагл. пособ.
606 1 _aБлокада Ленинграда
_z1941 - 1944
_jПлакаты
_2nlr_sh1
_2nlr_sh2
_3RU\NLR\AUTH\661253360
608 _aПлакаты инструктивно-методические
_2nlr-sh2
610 0 _aПлакаты
702 1 _aМедельский
_bА. И.
_f1892-1943
_gАлександр Иванович
_3RU\NLR\AUTH\770127751
_4040
702 1 _aЗеликовский
_bА.Н.
_4070
801 2 _aRU
_bNLR
_c20140811
_2rusmarc
852 _aNLR
_bЛ3-310 п
_j8/1-4
856 0 _uhttp://vivaldi.nlr.ru/la000070040/view
856 1 _uhttp://vivaldi.nlr.ru/la000070040/cover
856 2 _uhttp://vivaldi.nlr.ru/la000070040/text
942 _cVISUAL
945 _aРоссийская национальная библиотека
980 _aNB
980 _aBV
981 3 7 _a(37) Ленинград в Великой Отечественной войне
981 1 7 _a(17) Изографические материалы
_b(17) Плакаты